000 00878nam a22002777a 4500
001 7076
003 FISKH
005 20250620093846.0
008 250620b cb ||||| |||| 00| 0 eng d
020 _a9781568999074
040 _aFISKH
_beng
_cFISKH
_dFISKH
050 _aPZ7
082 _a598
100 _aKline, Trish
245 _aRun, roadrunner, run!
_cby Trish Kline ; Illustrated by Fred Smith
260 _aNorwalk :
_bLittle Sound Prints,
_c2002.
300 _a47pages :
_bcolor illustrations ;
_c23 cm
490 _aSoundprints read-and-discover :
_vReading Level 2.
505 _aJ
520 _aWhile looking for tasty bugs for his new babies to eat, Roadrunner is spotted by a hungry coyote.
521 8 _a430
_bLexile estimate
521 8 _aJ
_bRaz-Plus
650 _aAnimals
_vBiology
_xBirds
942 _2ddc
_cBK
_n0
999 _c7076
_d7076